000 00658nam a2200241 i 4500
001 66810
003 ES-MaACL
005 20250911062642.0
007 t|
008 030619s2003 sp ||||0| spa d
020 _a84-233-3511-9
040 _aM-BN
_bspa
_cM-BN
080 _a821.134.2-31"19"
100 1 _aVallvey, Angela.
_9112970
245 1 0 _aNo lo llames amor /
_cAngela Vallvey Arévalo.
250 _a1ª ed.
260 _aBarcelona :
_bDestino,
_c2003.
300 _a212 p. ;
_c24 cm.
490 1 _aAncora y delfín ;
_v977
830 0 0 _aÁncora y Delfín
_v977
_9151298
852 _aES-MaACL
_jL-27308
_bR.132978
999 _c66810
_d66810